| 000 | 01766nam a2200121Ia 4500 | ||
|---|---|---|---|
| 008 | 220620s9999||||xx |||||||||||||| ||und|| | ||
| 245 | 0 | _aAero/Hydrodynamics and Symmetry | |
| 546 | _aEnglish[eng] | ||
| 650 | _aSavonius vertical axis wind turbine||horizontal overlap ratio||vertical overlap ratio||torque coefficient||power coefficient||Advection–diffusion||fractional derivative||concentrated source||integral transform||Burgers’ fluid||velocity field||shear stress||Laplace transform||modified Bessel function||Stehfest’s algorithm||MATHCAD||electroosmotic flow||power law fluid||nanoparticles||MHD||entropy generation||convergence analysis||residual error||autonomous underwater vehicle (AUV)||airborne-launched AUV||autonomous underwater hovering vehicle (AUH)||water entry impact force||computational fluid dynamics (CFD)||two-phase flow||Autonomous Underwater Vehicle (AUV)||Autonomous Underwater Hovering Vehicle (AUH)||hydrodynamic interaction||response amplitude operator (RAO)||wave effects||symmetric flying wing||plasma flow control||energy||stall||dimensionless frequency||particle image velocimetry||SA–NaAlg fluid||porosity||fractional model||Atangana–Baleanu derivative||large eddy simulation||subgrid scale model||diffuser||dynamic one equation model||Vreman model||separation||heat conduction||non-fourier||solution structure theorems||superposition approach||Buongiorno model||unsteady flow||nanoliquid||special third-grade liquid||non-linear thermal radiation||magneto hydro-dynamics (MHD)||dissipative particle dynamics (DPD)||Hartmann number (Ha-value)||harmony bond coefficient or spring constant (K) | ||
| 700 | _aShadloo, Mostafa Safdari | ||
| 856 | _uhttps://mdpi.com/books/pdfview/book/2744 | ||
| 942 | _cEB | ||
| 999 |
_c28869 _d28869 |
||